000 00319nam a22001337a 4500
008 170609b xxu||||| |||| 00| 0 eng d
020 _a2900205408008
041 _aeng
080 _23RD
_a321
100 _a19
101 _aSHP
245 _aORGANIZATIONAL COMMUNICATION FOR SURVIVAL
_cRICHMOND,V.P
942 _2udc
_cBK
999 _c16768
_d16768